Svetový obchod vlani rástol, ale pomaly

Zahraničná obchodná výmena má za sebou najhoršie dva roky za posledné dve desaťročia. Nerovnomerný vývoj svetového obchodu ovplyvnil nevýrazný hospodársky rast. Výrazný rast v zahraničnom obchode zaznamenala Čína. Aj tranzitívne ekonomiky zaznamenali v r. 2002 výrazný rast tovarovej výmeny. Liberali...

Descripción completa

Guardado en:
Detalles Bibliográficos
Autor principal: Schönwiesner, Roman
Formato: Capítulo de libro
Lenguaje:eslovaco
Materias:
Etiquetas: Agregar Etiqueta
Sin Etiquetas, Sea el primero en etiquetar este registro!

MARC

LEADER 00000naa a2200000 4500
001 r048789
005 20230921114546.4
041 0 |a slo 
044 |a SK 
245 1 0 |a Svetový obchod vlani rástol, ale pomaly  |c Roman Schönwiesner 
520 |a Zahraničná obchodná výmena má za sebou najhoršie dva roky za posledné dve desaťročia. Nerovnomerný vývoj svetového obchodu ovplyvnil nevýrazný hospodársky rast. Výrazný rast v zahraničnom obchode zaznamenala Čína. Aj tranzitívne ekonomiky zaznamenali v r. 2002 výrazný rast tovarovej výmeny. Liberalizácia svetového obchodu ako liek. 
610 2 0 |a obchod svetový 
610 2 0 |a vývoj 
610 2 0 |a rast hospodársky 
610 2 0 |a Čína 
610 2 0 |a SVE 
610 2 0 |a liberalizácia 
610 2 0 |a tovar 
610 2 0 |a dovoz 
610 2 0 |a vývoz 
100 1 |a Schönwiesner, Roman